[Event "London Agency"]
[Site "London"]
[Date "1998.06.23"]
[Round "9"]
[White "Van den Doel, Erik"]
[Black "Bates, Richard"]
[Result "1-0"]
[WhiteElo "2485"]
[BlackElo "2430"]
[Annotator "King,D"]
[PlyCount "75"]
[EventDate "1998.06.15"]
[EventType "tourn"]
[EventRounds "9"]
[EventCountry "ENG"]
[EventCategory "9"]
[SourceTitle "CBM 066"]
[Source "ChessBase"]
[SourceDate "1998.09.30"]
[SourceVersion "1"]
[SourceVersionDate "1998.09.30"]
[SourceQuality "1"]

1. e4 c5 2. Nf3 d6 3. d4 cxd4 4. Nxd4 Nf6 5. Nc3 a6 6. Be3 e5 7. Nf3 Qc7 8. Be2
Be7 9. a4 O-O 10. O-O b6 11. Qd3 Bb7 12. Qc4 $5 Qd8 ({Black could actually
consider} 12... Qxc4 13. Bxc4 {...and now 13...Nbd7 would transpose to
Short-Gelfand below, but...} Nxe4 14. Nd5 (14. Nxe4 $2 Bxe4 15. Bxb6 Nd7 {
[%csl Rc2]}) 14... Bd8 15. Bxb6 (15. Nxb6 Bxb6 16. Bxb6 Nd7 17. Be3 Rac8 {
with at least equal chances for Black.}) 15... Nd7 {looks about equal. Black's
centre pawns are a significant long-term asset.}) 13. Nd2 Nbd7 14. Qb3 {
Tischbierek retreated the queen to a2 in an earlier game - see later in the
article - and that does at least have the merit of staying out of the range of
Black's knight.} Rc8 15. Bc4 (15. Nc4 Nxe4 {is good for Black.}) 15... Nc5 $1 {
Forcing the exchange of the dark-squared bishop reduces White's control over
the queenside and centre.} 16. Bxc5 Rxc5 17. Nd5 {Not exactly what White wants:
he would rather end up with a piece on d5 not a pawn, but that is impossible.}
Nxd5 18. Bxd5 Bxd5 19. exd5 Qc7 20. c4 b5 $2 {A bad misjudgement. Black should
have sealed the queenside and pushed his majority on the kingside. Chances are
balanced.} (20... f5 21. Qh3 a5 22. b3 $13 {[%cal Rd2b1,Rb1c3,Rc3b5]}) 21. cxb5
axb5 22. a5 $1 {The a-pawn gives White a clear advantage.} Qb7 23. Ne4 Rxd5 24.
a6 Qa8 25. a7 b4 26. Ng3 Rc8 27. Qxb4 Rdc5 28. Qa4 Rc4 29. b4 d5 30. Rfb1 g6
31. Qa5 Bd8 32. Qb5 Kg7 33. Nf1 R4c7 34. Qa4 d4 35. Nd2 Re7 36. Qa6 Rcc7 37.
Qd6 Rcd7 38. Qb8 1-0

[Event "Bad Woerishofen op 13th"]
[Site "Bad Woerishofen"]
[Date "1997.??.??"]
[Round "8"]
[White "Tischbierek, Raj"]
[Black "Movsziszian, Karen"]
[Result "1/2-1/2"]
[WhiteElo "2490"]
[BlackElo "2490"]
[Annotator "King,D"]
[PlyCount "98"]
[EventDate "1997.03.07"]
[EventType "swiss"]
[EventRounds "9"]
[EventCountry "GER"]
[SourceTitle "EXT 2000"]
[Source "ChessBase"]
[SourceDate "1999.11.16"]
[SourceVersion "1"]
[SourceVersionDate "1999.11.16"]
[SourceQuality "1"]

1. e4 c5 2. Nc3 d6 3. Nge2 Nf6 4. d4 cxd4 5. Nxd4 a6 6. Be3 e5 7. Nf3 Qc7 8.
Be2 Be7 9. a4 O-O 10. O-O b6 11. Qd3 Bb7 ({For} 11... Nbd7 12. Qc4 {see the
next game, Short-Gelfand.}) 12. Qc4 ({Instead, Huzman, suggests} 12. Nh4 $5 Rd8
(12... g6 13. Bh6 Rd8 14. Nf5 Bf8 (14... d5 15. Nxe7+ Qxe7 16. exd5 Nxd5 17.
Nxd5 Bxd5 18. Qe3 $16) 15. Bg5 Nbd7 16. Ne3 $14 {(Huzman)}) 13. Nf5 Bf8 14. Bg5
Nbd7 15. Ne3 $14 {(Huzman)}) 12... Qd8 ({As we saw in the previous game,} 12...
Qxc4 {looks good enough to equalise:} 13. Bxc4 Nxe4 14. Nd5 Bd8 15. Bxb6 (15.
Nxb6 Bxb6 16. Bxb6 Nd7 $36) 15... Nd7 16. Bxd8 Rfxd8 $132) 13. Nd2 Nbd7 14.
Rad1 (14. Qb3 Rc8 15. Bc4 Nc5 16. Bxc5 Rxc5 17. Nd5 Nxd5 18. Bxd5 Bxd5 19. exd5
Qc7 20. c4 {was Van den Doel,E-Bates,R/Agency 1998, and now instead of} b5 {
Black should have played:} (20... f5 21. Qh3 a5 22. b3 $13 {[%cal Rd2b1,Rb1c3,
Rc3b5] - see the previous game.})) 14... Rc8 15. Qa2 $5 Nc5 {I think this is
good enough to secure Black at least an equal game, and, unfortunately from
the point of view of this article, it is not clear what White has achieved
with his queen manoeuvre!} 16. Bf3 h6 ({Mowsziszian mentions} 16... Qc7 $5 17.
Bg5 Ne6 18. Bxf6 Bxf6 19. Bg4 Rfe8 $132) 17. Nc4 Qc7 18. Bxc5 Qxc5 19. Ne3 Qb4
20. Ncd5 $2 (20. Qb3 {is about equal.}) 20... Nxd5 21. Rxd5 Bg5 $1 (21... Bxd5
$2 22. Nxd5 $18) 22. c3 Bxd5 23. Nxd5 Qc5 24. g3 g6 $2 ({Mowsziszian reckons
that} 24... Qc6 {would have Black the advantage.}) 25. Bg4 $1 {Now White gets
excellent compensation for the exchange.} Rb8 26. h4 Bd8 27. Bd7 $1 {
Controlling White's heavy pieces.} a5 28. Rd1 {/\b4} b5 29. axb5 Qa7 30. Bc6
Kg7 31. b4 f5 32. exf5 Rxf5 33. bxa5 Bxa5 (33... Qxa5 $1) 34. Ne3 Rf7 35. Rxd6
Rbf8 36. Qc2 Kh8 37. Qxg6 Rxf2 38. Qxh6+ (38. Rd7 $1 Rf1+ 39. Kh2 R8f2+ 40. Kh3
$18) 38... Qh7 39. Qxh7+ Kxh7 40. Be4+ Kh8 41. Rh6+ Kg8 42. Nd5 Re2 43. Bf5 e4
44. g4 e3 45. Rg6+ Kh8 46. Kf1 Rf2+ 47. Ke1 Rd8 $1 48. Rh6+ Kg8 49. Rg6+ Kh8
1/2-1/2

[Event "Dortmund Master"]
[Site "Dortmund"]
[Date "1999.07.15"]
[Round "7"]
[White "Feygin, Michael"]
[Black "Naiditsch, Arkadij"]
[Result "0-1"]
[WhiteElo "2500"]
[BlackElo "2425"]
[Annotator "Knaak,R"]
[PlyCount "80"]
[EventDate "1999.07.09"]
[EventType "tourn"]
[EventRounds "9"]
[EventCountry "GER"]
[EventCategory "9"]
[SourceTitle "EXT 2000"]
[Source "ChessBase"]
[SourceDate "1999.11.16"]
[SourceVersion "1"]
[SourceVersionDate "1999.11.16"]
[SourceQuality "1"]

{Der 13-jährige Arkadij Naiditsch aus Dortmund zählt mit seiner Elozahl von
2417 zweifellos zu Deutschlands größten Schachtalenten. Bei den kürzlich
beendeten Turnieren in Dortmund und Lippstadt mußte der gebürtige Lette eine
Menge Lehrgeld zahlen, doch den einen oder anderen Punkt konnte er seinen
teils namhaften Gegnern bereits abknöpfen.} 1. e4 c5 2. Nf3 d6 3. d4 cxd4 4.
Nxd4 Nf6 5. Nc3 a6 6. Be3 e5 7. Nb3 Be6 8. f3 Be7 9. Qd2 Nbd7 10. Nd5 {Im
Vergleich zu 10.g4 oder 10.0-0-0 ist der Springerzug eher harmlos, doch er
führt auf positionelle Geleise. Beim Spiel gegen einen 13-Jährigen scheint das
manchem die richtige Wahl zu sein.} Nxd5 11. exd5 Bf5 12. Bd3 Bxd3 13. Qxd3
Bh4+ $5 {Der Zug schwächt den weißen Königsflügel, überläßt dem Anziehenden
andererseits Terrain auf der anderen Seite.} 14. g3 Bg5 15. Bxg5 Qxg5 16. Na5
$1 {... ehe Schwarz selbst a6-a5 spielt.} Nc5 17. Qd2 Qe7 18. a4 O-O 19. b4 Nd7
20. O-O Rab8 21. c4 f5 22. Rfe1 f4 $1 23. Kg2 $6 {Vielleicht ein überflüssiger
Zug, denn f3 muss soundso mit dem Turm gedeckt werden, aber g3 ist vorläufig
nicht bedroht.} (23. gxf4 $2 Qh4) (23. Ra3 $5) 23... Qf6 24. Ra3 b6 $5 25. Nc6
Rbc8 {Schwarz ist nun bereit mit a6-a5 einen Bauern zu opfern, um das Feld c5
für den Springer auf d7 freizukämpfen. Dann wäre auch der Vorstoß e5-e4 zu
beachten.} 26. a5 bxa5 27. b5 $2 ({Ich weiß nicht, was gegen} 27. Nxa5 {sprach.
}) 27... axb5 28. cxb5 a4 $1 {Der Ta3 ist an die Deckung des Bauern f3
gebunden.} 29. Qb2 Nb6 $1 {Jetzt wird auch noch d5 anvisiert.} 30. Qa2 Qf7 31.
Rd3 g5 $1 32. Re4 ({Weiß kann sich nicht zu} 32. g4 {durchringen. In der Tat
wäre der Verlust dann auch nur eine Frage der Zeit.}) 32... g4 $1 33. gxf4
gxf3+ 34. Kxf3 Kh8 35. Kf2 Qh5 36. Kg1 Rg8+ 37. Rg3 Qd1+ 38. Kf2 ({Auch nach} 
38. Kg2 Nxd5 {bricht Weiß schnell zusammen.}) 38... Qh1 39. Rxg8+ Rxg8 40. Ke3
Rg2 0-1

[Event "EU-ch 4th"]
[Site "Istanbul"]
[Date "2003.06.07"]
[Round "8"]
[White "Korneev, Oleg"]
[Black "Kempinski, Robert"]
[Result "0-1"]
[WhiteElo "2606"]
[BlackElo "2553"]
[Annotator "Konikowski,J"]
[PlyCount "90"]
[EventDate "2003.05.30"]
[EventType "swiss"]
[EventRounds "13"]
[EventCountry "TUR"]
[SourceTitle "CBM 096"]
[Source "ChessBase"]
[SourceDate "2003.09.25"]
[SourceVersion "1"]
[SourceVersionDate "2003.09.25"]
[SourceQuality "1"]

1. e4 c5 2. Nf3 d6 3. d4 cxd4 4. Nxd4 Nf6 5. Nc3 a6 6. f3 e5 7. Nb3 Be6 8. Be3
Be7 9. Qd2 O-O 10. O-O-O Nbd7 11. g4 Qc7 (11... b5 12. Kb1 (12. g5 b4 13. gxf6
bxc3 14. Qxc3 Nxf6 15. Rg1 $13) 12... b4 13. Nd5 Bxd5 14. exd5 Nb6 15. Bxb6
Qxb6 16. h4 a5 17. Qd3 a4 $132) 12. Kb1 Rfc8 13. Qf2 b5 14. g5 Nh5 15. h4 b4
16. Nd5 Bxd5 17. Rxd5 (17. exd5 Ng3 18. Rh2 (18. Qxg3 Qxc2+ 19. Ka1 Qxd1+ $19)
18... Nxf1 19. Qxf1 a5 $132) 17... a5 18. Bh3 a4 19. Nc1 g6 20. Rhd1 Bf8 21.
Bg4 Rcb8 (21... Ng7 22. h5 $40) 22. Bxd7 Qxd7 23. Rxe5 b3 24. cxb3 axb3 25. a3
(25. Nxb3 $4 Qa4 26. Nc1 dxe5 $19) 25... Qc7 26. Red5 Bg7 27. Nd3 (27. R1d3 $5)
27... Ra4 28. Nb4 Rbxb4 {[%mdl 512]} 29. axb4 Ra2 (29... Be5 30. Rxe5 $1 dxe5
31. Bb6 Qc4 (31... Qc2+ 32. Qxc2 bxc2+ 33. Kxc2 Rxb4 34. Ba5 $18) 32. Qc5 $18)
30. Rc1 (30. Rxd6 $5) 30... Qd8 31. Bb6 Qe8 32. Ra5 Nf4 33. Rd1 $4 {[%mdl 8192]
} (33. Rxa2 $142 $1 bxa2+ 34. Kxa2 $18) 33... Rxa5 $19 34. bxa5 Qa4 35. Rxd6
Qa2+ 36. Kc1 Qa1+ 37. Kd2 Qxb2+ 38. Ke3 Ng2+ (38... Qc3+ $142 $1 39. Rd3 (39.
Kxf4 Be5+ 40. Kg4 Qc8+ 41. Rd7 Qxd7#) 39... Qxd3+ 40. Kxf4 b2 $19) 39. Kd3 Qc3+
40. Ke2 Nf4+ 41. Kd1 (41. Kf1 b2 42. Rd1 Be5 $19) 41... Qa1+ 42. Kd2 Bc3+ 43.
Ke3 Qc1+ 44. Rd2 Bxd2+ (44... b2 $19) 45. Qxd2 b2 0-1

[Event "Mitropa Cup 20st"]
[Site "Charleville Mezieres"]
[Date "2000.11.30"]
[Round "6"]
[White "Balinov, Ilia"]
[Black "Kalod, Radek"]
[Result "0-1"]
[WhiteElo "2453"]
[BlackElo "2483"]
[Annotator "Konikowski,J"]
[PlyCount "68"]
[EventDate "2000.11.25"]
[EventType "team-tourn"]
[EventRounds "9"]
[EventCountry "FRA"]
[SourceTitle "EXT 2006"]
[Source "ChessBase"]
[SourceDate "2005.11.24"]
[SourceVersion "1"]
[SourceVersionDate "2005.11.24"]
[SourceQuality "1"]

1. e4 c5 2. Nc3 d6 3. Nge2 Nf6 4. d4 cxd4 5. Nxd4 a6 {"Najdorf" ist eines der
populärsten Systeme in der Sizilianischen Verteidigung. Es wird häufig in
Turnieren aller Klassen angewandt und findet immer noch einen festen Platz im
Eröffnungsrepertoire vieler starker Spieler. Der Grund dafür liegt in dem
verwickelten und sehr komplizierten Kampf: Weiß versucht hier seit Jahren
einen konkreten Eröffnungsvorteil nachzuweisen, aber dem Schwarzen steht eine
ausreichende Zahl an Möglichkeiten mit realen Chancen auf Gegenspiel zur
Verfügung.} 6. Rg1 $5 {[%mdl 32768] Mit dem Textzug bereitet Weiß rasch den
Vorstoß g2-g4 vor und plant damit einen Königsangriff zu starten. Schwarz hat
jedoch viele ausreichende Gegenpläne mit guten Chancen auf ein gleichwertiges
Spiel. In vielen Abspielen verbleibt der Turm auf g1 einfach ohne weitere
Beschäftigung, und Weiß muss ihn woanders postieren. Beim genauen Vorgehen
gegen das Spiel von Weiß besitzt der Nachziehende ausreichende Gegenchancen.}
b5 7. g4 Bb7 8. Bg2 Nfd7 (8... b4 9. Nd5 e6 10. Nxf6+ Qxf6 (10... gxf6 11. Be3
Nd7 12. f3 h5 13. h3 hxg4 14. hxg4 Ne5 15. Bf1 Qc7 16. Qd2 d5 17. O-O-O O-O-O
18. exd5 Rxd5 19. Qf2 Rh2 20. Rg2 Rxg2 21. Bxg2 Bd6 22. Qe2 Nc4 23. Bf2 Bf4+
24. Kb1 a5 25. Nb3 a4 26. Rxd5 Bxd5 27. Nc5 a3 28. Qd3 axb2 29. Nb3 Qe5 30. Qd4
Qd6 31. Qc5+ Qxc5 32. Bxc5 Be5 33. Bxb4 Ne3 34. Bh1 Nxg4 35. c3 Nf2 36. Bg2 Nd1
37. Bf1 Bxf3 38. Nd4 Bxd4 39. Bd3 Nxc3+ 40. Kxb2 Nd5+ {0-1 Gullaksen,
E-Reddmann,H/ Hamburg 2002}) 11. Be3 e5 12. Nf5 g6 13. Ng3 Qe6 14. h4 Nc6 15.
a3 a5 16. h5 Bg7 17. Bf1 O-O 18. Nf5 $1 Rfd8 (18... gxf5 $2 19. gxf5 Qe7 20. h6
$18) 19. Nxg7 Kxg7 20. Rh1 d5 $13 {Haapasalo,J-Lehikoinen,P/ Helsinki 1999}) (
8... e5 9. Nf5 b4 10. Nd5 Nxd5 11. exd5 Nd7 12. Be3 Qa5 (12... g6 13. Ng3 Bg7
14. Qd2 a5 15. Be4 Nb6 16. b3 Qc7 17. Rd1 Nd7 18. h4 Nf6 19. f3 Rc8 20. h5 Kd7
21. g5 Nxe4 22. Nxe4 Rhg8 23. Rg2 Qd8 24. h6 Bh8 25. Qe2 Ke7 26. Qb5 Qd7 27.
Qxa5 f5 28. gxf6+ Bxf6 29. Qxb4 Bh4+ 30. Bf2 Bxf2+ 31. Rxf2 Rgf8 32. Nxd6 Qxd6
33. Qxb7+ Rc7 34. Qb5 Rf4 35. Qe2 Qb4+ 36. Rd2 Qd6 37. c4 Rd7 38. Rd3 Qf6 39.
Re3 Kd6 40. Qd2 Rb7 41. Qa5 Kd7 42. c5 Rc7 43. Qb5+ Kd8 44. d6 Rc8 45. d7 Rc7
46. Qb8+ Kxd7 47. Rd2+ {1-0 Yemelin,V-Vehkalahti,V/ Jyvaskyla op 1999}) 13. Qd2
Nf6 14. a3 g6 15. Bg5 Nxg4 16. Ne3 Nxe3 17. Bxe3 Rc8 18. Rc1 f5 19. Qxb4 Qxb4+
20. axb4 Bg7 21. c4 e4 22. b3 Ba8 23. Bd2 Kd7 24. Ke2 Rc7 25. Rge1 Rb8 $13 {
De Bortoli,P-Mazzilli,P/ Laveno 1999}) (8... Qc7 9. Be3 e6 10. a3 Nc6 11. g5
Nd7 12. f4 Nb6 13. Nxc6 Bxc6 14. Qd4 Nc4 15. O-O-O O-O-O 16. Bf2 Rg8 17. f5 Kb8
18. h4 Be7 19. Bh1 Qb7 20. h5 exf5 21. exf5 Bxh1 22. Rxh1 Bxg5+ 23. Kb1 Bf6 24.
Qd3 Qc6 25. Bd4 Bxd4 26. Qxd4 Rc8 27. Nd5 Rge8 28. Nb4 Qb7 29. Rhg1 f6 30. h6
gxh6 31. Qxf6 a5 32. Nd3 Qc7 33. c3 Ne3 34. Rde1 Rf8 35. Qxh6 Nxf5 36. Qg5 h6
37. Qg6 Qc6 38. Rgf1 Qd5 39. Nf4 Qg8 40. Qxg8 Rxg8 41. Ne6 Ng3 42. Rf6 h5 43.
Nd4 h4 44. Rxd6 Rh8 45. Nxb5 Rc5 46. Rb6+ Kc8 47. Re7 h3 48. Nd6+ Kd8 49. Rbb7
{1-0 Sperdokli,E-Hamelink,D/ EU-ch U20 Girls/ Aviles 2000}) (8... h6 9. h4 e5
10. Nf5 g6 11. Ne3 Be7 12. g5 $2 (12. h5 $142) 12... hxg5 13. hxg5 Nh7 14. Rh1
Bxg5 15. Ncd5 Nd7 16. Qg4 Bf6 17. Bd2 Bg7 18. O-O-O Nhf6 19. Rxh8+ Bxh8 20. Qh3
Bg7 21. Bb4 Nc5 22. Bxc5 Nxd5 23. Nxd5 dxc5 24. Nc3 Qe7 25. Kb1 Rd8 26. Nd5 Qg5
27. Nc7+ Kf8 28. Rxd8+ Qxd8 29. Nd5 Kg8 30. a3 Qg5 31. Qf3 Bc8 32. Ka2 Be6 33.
Bh3 f5 (33... Bxd5+ $5 34. exd5 Qd2 $17) 34. exf5 gxf5 35. Bxf5 $1 Bf7 (35...
Bxf5 36. Qxf5 Qxf5 37. Ne7+ Kf7 38. Nxf5 Bf8 $15) 36. Be4 Qf4 $11 {Resika,
N-Ngo,N/ Budapest HUN 2002}) (8... e6 9. a3 (9. Qe2 Nfd7 10. Be3 (10. a3 $5)
10... b4 11. Nb1 e5 12. Nb3 $2 (12. Nf5 $142 g6 13. Ng3 Nc6 14. Nd2 $11) 12...
a5 13. c4 (13. N3d2 Be7 14. Nc4 O-O 15. Nbd2 Nc6 $17) 13... Be7 14. N1d2 O-O
15. Rd1 Nc6 16. Qf3 a4 17. Nc1 Nc5 18. Nf1 Qa5 19. b3 axb3 20. axb3 Nd4 21.
Bxd4 exd4 22. Ng3 Bg5 23. Nd3 Nxb3 $19 {Philippe,C-Lautier,J/ Paris 2000}) (9.
g5 Nfd7 10. a3 Nc6 (10... Be7 {see game Ceteras,M-Balabaev,F/ IECC 2001}) 11.
Be3 Nce5 12. Qe2 Rc8 13. Bd2 Nc4 14. O-O-O g6 15. f4 Bg7 16. Qf2 Nxd2 17. Qxd2
Nb6 18. Bh3 Nc4 19. Qf2 Nxa3 20. f5 b4 21. fxe6 Rc7 22. Rdf1 Rf8 23. Nd5 Bxd5
24. exd5 fxe6 25. Qe3 Bxd4 26. Rxf8+ Kxf8 27. Qxd4 $2 (27. Rf1+ $142 Rf7 28.
Rxf7+ Kxf7 29. Bxe6+ Ke8 30. Qxd4 $16) 27... e5 28. Qf2+ Rf7 29. Qd2 Nb5 $17 {
Burrows,B-Fernandez,D/ San Francisco 2000}) 9... Qc7 (9... Nfd7 {see game Leko,
P-Topalov,V/ Sarajevo 1999}) 10. f4 Nc6 11. Nxc6 Bxc6 12. Qe2 Be7 13. Be3 Qb7
14. Bd4 b4 15. axb4 Qxb4 16. e5 Qxd4 17. Bxc6+ Nd7 18. Rg3 Rd8 19. Qe3 dxe5 20.
Rd1 Qxe3+ 21. Rxe3 Bh4+ 22. Ke2 Ke7 23. Bxd7 Rxd7 24. Rxd7+ Kxd7 25. Rxe5 Bf6
26. Rc5 Rb8 27. Na4 Bxb2 28. Ra5 Bd4 29. Rxa6 Bg1 30. h3 Rb4 31. Kf3 Ke7 $11 {
Fressinet,L-Relange,E/ FRA 1999}) 9. Be3 (9. a4 bxa4 10. Be3 (10. Rxa4 Nb6 11.
Rb4 e6 12. Be3 N8d7 13. Nxe6 $5 fxe6 14. Bxb6 Nxb6 15. Qd4 Nd7 16. Rxb7 Nc5 17.
Rb4 Qg5 {Polgar,J-Topalov,V/Frankfurt-West Masters 1999/0-1 (50)}) 10... e6 11.
Nxa4 Be7 12. g5 Nc6 13. h4 O-O 14. Nb3 Nce5 15. f4 Nc4 16. Bf2 Re8 17. Bf1 $2 (
17. h5 $5 Bc6 18. Qd4 d5 19. g6 $36) 17... Rc8 18. Bd3 e5 19. f5 d5 20. f6 Bb4+
21. Kf1 (21. c3 Nxb2 $1 22. Nxb2 Bxc3+ 23. Nd2 Bxb2 $19) 21... dxe4 22. Bxc4
Rxc4 23. c3 Bf8 24. fxg7 Bxg7 25. Qe2 Bc6 $19 {Pridorozhni,A-Popov,V/ St
Petersburg 2000/}) (9. g5 e6 10. a3 Be7 (10... g6 11. f4 e5 12. Nde2 Nb6 13.
fxe5 dxe5 14. Qxd8+ Kxd8 15. Be3 N8d7 16. O-O-O Ke8 17. Bh3 h6 18. Bxd7+ Nxd7
19. Nd5 Rc8 20. h4 hxg5 21. hxg5 Rh2 22. Rd2 Rh3 23. Rg3 Rh4 24. Nec3 Bc5 25.
Bxc5 Nxc5 26. b4 Bxd5 27. Rxd5 Ne6 28. Rxe5 Rh2 29. Rd5 Nf4 30. Rd2 Rh3 31.
Rxh3 Nxh3 32. Kb2 Nxg5 33. Rd5 f6 34. Rd1 Rc6 35. Kb3 Ke7 36. Rg1 Kf7 37. Rd1
Ke6 38. Rd8 Ke5 39. Rg8 Kd4 40. Nd1 Nxe4 41. Rxg6 Rd6 42. Rg8 f5 43. a4 f4 44.
axb5 axb5 45. Rf8 f3 46. Kb2 Rf6 47. Rd8+ Ke5 48. Ne3 Rd6 49. Rf8 Nf6 50. c4
Rd3 51. cxb5 Rxe3 52. b6 Re2+ 53. Kc3 Nd5+ 54. Kd3 Nf4+ 55. Kc3 Re3+ 56. Kc2
Nd5 57. b7 Nxb4+ 58. Kd2 Rd3+ 59. Ke1 Nc6 {1/2-1/2 Leko,P-Topalov,V/ Sarajevo
1999 (59)}) 11. Bh1 Nc6 12. Nxc6 Bxc6 13. h4 O-O 14. b3 f5 15. Bb2 Rc8 16. Qd4
e5 17. Qd2 fxe4 18. Bxe4 Bxe4 19. Nxe4 Nb6 20. O-O-O d5 21. Qe2 d4 22. Kb1 Nd5
23. c3 Nf4 24. Qf3 d3 25. Rge1 Qa5 26. b4 Qa4 27. Rd2 Qb3 28. Qd1 Qe6 29. f3
Rc4 30. Re3 a5 31. h5 Kh8 32. h6 g6 33. Qe1 Rf5 34. Rexd3 Nxd3 35. Rxd3 Rc8 36.
Qd2 Rff8 37. bxa5 Rcd8 38. Rxd8 Rxd8 39. Qe2 Rd5 40. f4 Kg8 41. c4 bxc4 42.
fxe5 Rxa5 43. Qf3 Rb5 44. Kc2 Rb8 45. Nf6+ Bxf6 46. Qxf6 Qf5+ 47. Kc1 Qxf6 48.
gxf6 g5 49. Bd4 Kf7 {0-1 Ceteras,M-Balabaev,F/ IECC 2001/CBM 91-B90 (49)}) 9...
e6 10. g5 (10. f4 Be7 11. g5 Nb6 12. b3 N8d7 13. Qd2 b4 14. Nce2 Nc5 15. Ng3 d5
16. e5 g6 17. h4 Qc7 18. Rc1 Ne4 19. Nxe4 dxe4 20. c4 Nd7 21. Nc2 Nc5 22. Bxc5
Bxc5 23. Rh1 e3 24. Qe2 O-O-O 25. Rh3 Rd2 26. Bxb7+ Qxb7 27. Qf3 Rhd8 28. Qxb7+
Kxb7 29. Nxe3 R8d3 30. Ng4 Rxh3 31. Kxd2 Rg3 32. Nh6 Be3+ 33. Kc2 Bxc1 34. Kxc1
Rf3 35. Nxf7 Rxf4 36. Nd8+ Kc8 37. Nxe6 Rxh4 38. Kd2 Re4 39. Nf8 Rxe5 40. Nxh7
a5 41. Kd3 Kb7 42. Kd4 Rf5 43. Ke3 Kc6 44. Ke2 Kd6 45. Nf6 Ke5 46. c5 Rxg5 47.
Nd7+ Kd5 48. Kf3 {0-1 Adams,M-Topalov,V/ Frankfurt-West Masters 1999 (48)})
10... Nb6 (10... Ne5 11. f4 Nc4 12. Bc1 (12. Bf2 $2 Nxb2 13. Qb1 Nc4 14. a4 Qa5
15. Qb3 Nd7 16. Rb1 Nc5 17. Qb4 Qxb4 18. Rxb4 d5 19. exd5 Nd3+ 20. cxd3 Bxb4
$19 {Gueting,J-Nimtz,M/ Germany 1995/}) 12... Be7 13. b3 Nb6 14. Bb2 b4 (14...
Nc6 15. Nxc6 Bxc6 16. Qd4 $14) 15. Nce2 a5 $13) (10... Qc7 11. f4 Nb6 12. Qe2
N8d7 13. Bf3 Be7 14. Rg2 Nc4 15. Bc1 O-O-O 16. Nd1 Ndb6 17. b3 Na5 18. Bb2 Rhg8
19. Ne3 d5 20. e5 Nc6 21. O-O-O Kb8 22. Kb1 Rc8 23. h4 Nd7 24. Qd3 g6 25. Ng4
Nb4 26. Qd2 Qb6 27. h5 a5 28. Rh2 Rh8 29. Rdh1 $16 {Heumann,J-Lanzinner,D/
Passau 2000}) 11. a3 N8d7 12. h4 Rc8 13. Qg4 Rxc3 14. bxc3 Qc7 15. Bd2 d5 16.
exd5 Bxd5 17. Bxd5 Nxd5 18. a4 Ne5 19. Qh3 b4 20. Nxe6 Qe7 21. Nxf8 Nf3+ 22.
Kd1 Nxg1 23. Qd3 bxc3 24. Rb1 Qd8 25. Nd7 Qxd7 26. Rb8+ Ke7 27. Qe4+ (27. Rxh8
cxd2 28. Kxd2 g6 $13) 27... Kd6 28. Rxh8 cxd2 29. Kxd2 Qc7 30. c4 $4 (30. Kc1
$142) 30... Qa5+ 31. Kc1 Qc3+ 32. Kd1 Qa1+ 33. Kd2 Qb2+ 34. Qc2 Nf3+ 0-1